000 00469nam a2200181Ia 4500
008 230711s9999||||xx |||||||||||||| ||und||
020 _a978-81-928692-7-8
041 _aENG
082 _a624.171
_bME-M
100 _aMeghre,A.S
245 0 _aMatrix Methods of Structural Analysis
250 _a2nd Ed.
260 _c2016
_aGujarat
_bCharotar Publishing House PVT.LTD
300 _a540p.
650 _aMechanical Engineering
700 _aDeshmukh,S.K
942 _cBK
999 _c6725
_d6725